Catálogo

LOS PADRES Y LA ORIENTACION PROFESIONAL DE SUS HIJOS (Registro nro. 20503)

Detalles MARC
000 -LEADER
fixed length control field 00511nam a2200193 a 4500
001 - CONTROL NUMBER
control field 20503
005 - DATE AND TIME OF LATEST TRANSACTION
control field 20180713214111.0
008 - FIXED-LENGTH DATA ELEMENTS--GENERAL INFORMATION
fixed length control field 140415s1986 sp 000 0 spa d
020 ## - INTERNATIONAL STANDARD BOOK NUMBER
International Standard Book Number 8431308893
041 ## - LANGUAGE CODE
Language code of text/sound track or separate title spa
082 ## - DEWEY DECIMAL CLASSIFICATION NUMBER
Classification number 371.46
Item number CAS
100 1# - MAIN ENTRY--PERSONAL NAME
Personal name Castillo, Gerardo.
245 14 - TITLE STATEMENT
Title LOS PADRES Y LA ORIENTACION PROFESIONAL DE SUS HIJOS
250 ## - EDITION STATEMENT
Edition statement 1a ed.
260 ## - PUBLICATION, DISTRIBUTION, ETC.
Place of publication, distribution, etc. ESPAÑA :
Name of publisher, distributor, etc. EUNSA,
Date of publication, distribution, etc. 1986
300 ## - PHYSICAL DESCRIPTION
Extent 290
490 ## - SERIES STATEMENT
Series statement EDUCACION NT
Volume/sequential designation 18
650 14 - SUBJECT ADDED ENTRY--TOPICAL TERM
Topical term or geographic name entry element ORIENTACION PROFESIONAL
Existencias
Withdrawn status Lost status Source of classification or shelving scheme Damaged status Not for loan Collection code Home library Current library Shelving location Date acquired Source of acquisition Inventory number Total Checkouts Full call number Barcode Date last seen Date last checked out Price effective from Koha item type
    Dewey Decimal Classification     General Biblioteca Karol Wojtyla Biblioteca Karol Wojtyla Sala general 03/12/2013 Compra 151000000000000000041420   371.46 CAS 40333 05/01/2026 07/03/2018 03/12/2013 Libro